| 000 | 00706nam a2200253 i 4500 | ||
|---|---|---|---|
| 001 | 17618 | ||
| 003 | ES-MaACL | ||
| 005 | 20250316203102.0 | ||
| 007 | t| | ||
| 008 | 010410s2001 sp ||||1| spa d | ||
| 020 | _a84-666-0175-9 | ||
| 080 | _a1 Sartre, Jean-Paul | ||
| 080 | _a929 Sartre, Jean-Paul | ||
| 100 | 1 |
_aLévy, Bernard-Henri. _971996 |
|
| 245 | 1 | 3 |
_aEl siglo de Sartre / _cBernard-Henri Lévy. |
| 250 | _a1ª ed. | ||
| 260 |
_aBarcelona : _bEdiciones B, _c2001. |
||
| 300 |
_a568 p. ; _c23 cm. |
||
| 490 | 1 | _aSine qua non | |
| 600 | 1 | 4 |
_aSartre, Jean-Paul, _d1905-1980 _9103897 |
| 830 | 0 |
_aSine qua non _9180323 |
|
| 852 |
_aES-MaACL _jL-24509 _bR.129850 |
||
| 999 |
_c17618 _d17618 |
||